Hawaiian Alphabet- Sudden Death - Statistics

General Stats
  • This quiz has been taken 50 times
  • The average score is 9 of 13
Answers on the Grid
Answers color-coded by a green-red scale on the quiz's grid according to % correct below.
A
B
C
D
E
F
G
H
I
J
K
L
M
N
O
P
Q
R
S
T
U
V
W
X
Y
Z
 
Answer Stats
Answer % Correct
A
100%
E
72%
I
72%
M
68%
H
64%
K
64%
O
64%
P
64%
U
64%
L
60%
W
60%
N
56%
48%
No matching quizzes found
Score Distribution
Percent of People with Each Score
Percentile by Number Answered
Your Score History
You have not taken this quiz